000 00456nam a2200145Ia 4500
008 230917s9999||||xx |||||||||||||| ||und||
040 _e240661
_aMAIN
041 _aEnglish
082 _a572.76 B329E
100 _aBaweja, Mehak
245 0 _aExploring biotechnological potential of microbial proteases: Isolation and characterization of proteases from southem ocean samples and their applications
260 _c2016
300 _a212 p.
942 _cTH
999 _c126978
_d126978